Structural Optimization of Orthopedic Hip Implant Using Different Topology Optimization Algorithms / (Record no. 607660)

000 -LEADER
fixed length control field 01434nam a22001577a 4500
082 ## - DEWEY DECIMAL CLASSIFICATION NUMBER
Classification number 621
100 ## - MAIN ENTRY--PERSONAL NAME
Personal name Abdullah, Muhammad
245 ## - TITLE STATEMENT
Title Structural Optimization of Orthopedic Hip Implant Using Different Topology Optimization Algorithms /
Statement of responsibility, etc. Muhammad Abdullah
264 ## - PRODUCTION, PUBLICATION, DISTRIBUTION, MANUFACTURE, AND COPYRIGHT NOTICE
Place of production, publication, distribution, manufacture Islamabad :
Name of producer, publisher, distributor, manufacturer SMME- NUST;
Date of production, publication, distribution, manufacture, or copyright notice 2023.
300 ## - PHYSICAL DESCRIPTION
Extent 76p.
Other physical details Soft Copy
Dimensions 30cm
500 ## - GENERAL NOTE
General note This research investigates the reduction in weight of hip implant by the application of parametric<br/>and non-parametric optimization techniques. Orthopaedic hip implants can be made from metals,<br/>ceramics, composites, or metallic alloys and are generally solid structures. The stiffness of<br/>orthopaedic hip implant is a pertaining problem when implanted in the human body as Hip implant<br/>are stiffer than bone material and causes stress shielding. This results in bone weakening which<br/>causes osteoporosis. Reduction in mass of femur stem results in stiffness reduction of femur stem.<br/>Non-Parametric topology optimization results in 34.9 % mass reduction and parametric<br/>optimization based on Central Composite Design technique in Design of Experiments (DoE) uses<br/>hole diameters as parameters and performs structural optimization that results in 22% mass<br/>reduction.
650 ## - SUBJECT ADDED ENTRY--TOPICAL TERM
Topical term or geographic name entry element MS Mechanical Engineering
700 ## - ADDED ENTRY--PERSONAL NAME
Personal name Supervisor : Dr. Aamir Mubashar
856 ## - ELECTRONIC LOCATION AND ACCESS
Uniform Resource Identifier <a href="http://10.250.8.41:8080/xmlui/handle/123456789/32338">http://10.250.8.41:8080/xmlui/handle/123456789/32338</a>
942 ## - ADDED ENTRY ELEMENTS (KOHA)
Source of classification or shelving scheme
Koha item type Thesis
Holdings
Withdrawn status Permanent Location Current Location Shelving location Date acquired Full call number Barcode Koha item type
  School of Mechanical & Manufacturing Engineering (SMME) School of Mechanical & Manufacturing Engineering (SMME) E-Books 02/12/2024 621 SMME-TH-821 Thesis
© 2023 Central Library, National University of Sciences and Technology. All Rights Reserved.